Giáo trình chẩn đoán bệnh và bệnh nội khoa (Dùng trong các trường Trung học chuyên nghiệp)

Tài liệu nói về các phương pháp chẩn đoán và kiểm tra các bệnh nội khoa cho vật nuôi

Spremljeno u:
Bibliografski detalji
Glavni autor: Phạm, Ngọc Thạch
Format: Knjiga
Jezik:Undetermined
Izdano: Hà Nội Nhà xuất bản Hà Nội 2006
Teme:
Oznake: Dodaj oznaku
Bez oznaka, Budi prvi tko označuje ovaj zapis!
Thư viện lưu trữ: Trung tâm Học liệu Trường Đại học Cần Thơ
LEADER 00836nam a2200217Ia 4500
001 CTU_122209
008 210402s9999 xx 000 0 und d
020 |c 26500 
082 |a 636.0896 
082 |b Th102 
100 |a Phạm, Ngọc Thạch 
245 0 |a Giáo trình chẩn đoán bệnh và bệnh nội khoa 
245 0 |b (Dùng trong các trường Trung học chuyên nghiệp) 
245 0 |c Phạm Ngọc Thạch, Đỗ Thị Nga 
260 |a Hà Nội 
260 |b Nhà xuất bản Hà Nội 
260 |c 2006 
520 |a Tài liệu nói về các phương pháp chẩn đoán và kiểm tra các bệnh nội khoa cho vật nuôi 
650 |a Veterinary internal medicine 
904 |i Nguyên 
980 |a Trung tâm Học liệu Trường Đại học Cần Thơ